|
|
|
|
| LEADER |
02907cam a2200661 7i4500 |
| 001 |
0000021372 |
| 005 |
20090804090000.0 |
| 020 |
0 |
0 |
|a 978-1-58239-004-8
|
| 090 |
0 |
0 |
|a AS.P 382.5025
|b INT
|
| 245 |
0 |
4 |
|a The International directory of importers Asia/Pacific 2008 :
|b volume1[Australia,Bangladesh,China,Hong Hong, India, Indonesia, Japan, Kazakhstan, Malaysia, Mauritius, Mongolia, Nepal, New Zealand, Pakistan, Philippines, Singapore and South Korea].
|
| 250 |
0 |
0 |
|a 20th ed.
|
| 260 |
0 |
0 |
|a Poulsbo,WA:
|b Interdata,
|c 2008.
|
| 300 |
# |
# |
|a 1v [500 p].
|
| 500 |
0 |
0 |
|a Library has volume1[Australia, Bangladesh, China, Hong Kong, India, Indonesia, Japan, Kazakhstan, Malaysia, Mauritius, Mongolia, Nepal, New Zealand, Pakistan, Philippines, Singapore and South Korea]
|
| 500 |
0 |
0 |
|a Volume 2 [South Pacific Island,Sri Lanka,Taiwan,Thailand,Uzbekistan,Vietnam and classified section
|
| 650 |
0 |
0 |
|a Importers --
|x Directories --
|z Malaysia
|
| 650 |
0 |
0 |
|a Importers --
|x Directories --
|z Indonesia
|
| 650 |
0 |
0 |
|a Importers --
|x Directories --
|z Bangladesh
|
| 650 |
0 |
0 |
|a Importers --
|x Directories --
|z Mauritius
|
| 650 |
0 |
0 |
|a Importers --
|x Directories --
|z Mongolia
|
| 650 |
0 |
0 |
|a Importers --
|x Directories --
|z Nepal
|
| 650 |
0 |
0 |
|a Importers --
|x Directories --
|z Pakistan
|
| 650 |
0 |
0 |
|a Importers --
|x Directories --
|z Philippines
|
| 650 |
0 |
0 |
|a Importers --
|x Directories --
|z South Korea
|
| 650 |
0 |
0 |
|a Importers --
|x Directories --
|z New Zealand
|
| 650 |
0 |
0 |
|a Importers --
|x Directories --
|z China
|
| 650 |
0 |
0 |
|a Importers --
|x Directories --
|z Asia Pacific
|
| 650 |
0 |
0 |
|a Importers --
|x Directories --
|z Australia
|
| 650 |
0 |
0 |
|a Importers --
|x Directories --
|z Japan
|
| 650 |
0 |
0 |
|a Importers --
|x Directories --
|z Hong Kong
|
| 650 |
0 |
0 |
|a Importers --
|x Directories --
|z Kazakhstan
|
| 650 |
0 |
0 |
|a Importers --
|x Directories --
|z India
|
| 650 |
0 |
0 |
|a Importers --
|x Directories --
|z Singapore
|
| 651 |
0 |
0 |
|a China
|
| 651 |
0 |
0 |
|a Australia
|
| 651 |
0 |
0 |
|a Pakistan
|
| 651 |
0 |
0 |
|a Philippines
|
| 651 |
0 |
0 |
|a Singapore
|
| 651 |
0 |
0 |
|a Indonesia
|
| 651 |
0 |
0 |
|a Malaysia
|
| 651 |
0 |
0 |
|a Asia Pacific
|
| 651 |
0 |
0 |
|a Hong Kong
|
| 651 |
0 |
0 |
|a India
|
| 651 |
0 |
0 |
|a New Zealand
|
| 651 |
0 |
0 |
|a Nepal
|
| 651 |
0 |
0 |
|a Mauritius
|
| 651 |
0 |
0 |
|a Bangladesh
|
| 651 |
0 |
0 |
|a Kazakhstan
|
| 651 |
0 |
0 |
|a South Korea
|
| 651 |
0 |
0 |
|a Mongolia
|
| 651 |
0 |
0 |
|a Japan
|
| 999 |
|
|
|a JHR000058B
|b Directories
|c Regions
|e MATRADE Southern Regional Office
|
| 999 |
|
|
|a B000022413
|b Directories
|c Regions
|e Business Information Centre
|
| 999 |
|
|
|a B000022414
|b Directories
|c Regions
|e Business Information Centre
|
| 999 |
|
|
|a B000022610
|b Directories
|c Regions
|e Business Information Centre
|
| 999 |
|
|
|a PNG000756B
|b Directories
|c Regions
|e MATRADE Northern Regional Office
|
| 999 |
|
|
|a SBH000735B
|b Directories
|c Regions
|e MATRADE Sabah
|
| 999 |
|
|
|a SRW000162B
|b Directories
|c Regions
|e MATRADE Sarawak
|